000
00270nam a22001217a 4500
008
170627b xxu||||| |||| 00| 0 eng d
041
_a
eng
080
_a
05
100
_a
21
101
_a
GJL
245
_a
THE BEDFORD HANDBOOK FOR WRITERS
_c
HACKER, D
942
_2
udc
_c
BK
999
_c
19197
_d
19197